000 00759cab a22001935a 4500
001 L146973
008 090318e20090306xxkad f 000 0 eng d
035 _a(Sirsi) u146973
041 0 _aeng
100 1 _aWatson, Stuart
245 0 0 _aRegional report
_bEast Midlands
260 _c2000
490 0 _aProperty Week
_v75(10) 6 March 2009, 75-84(7)
520 _aReports on how the towns and cities of the region are looking to their local authorities to revive stagnant markets and how Derby is still forging ahead with its railway refurbishment. Discusses prospects for a new development at Leicester's rugby club.
590 _aKA
651 4 _aEast Midlands (England)
690 _aPROPERTY-COMMERCIAL PROPERTY-COMMERCIAL PROPERTY MARKET
942 _n0
999 _c81352
_d81352